| 000 | 00655cam a22002293a 4500 | ||
|---|---|---|---|
| 001 | 22685 | ||
| 003 | PGUSA | ||
| 005 | 20140828083501.0 | ||
| 008 | 070920s2007||||xxu|||||s|||||000 | eng d | ||
| 040 |
_aPGUSA _beng |
||
| 042 | _adc | ||
| 050 | 4 | _aT | |
| 100 | 1 | _aUnited States. Patent Office | |
| 245 | 1 | 4 |
_aThe Classification of Patents _h[electronic resource] / _cUnited States. Patent Office |
| 260 |
_bProject Gutenberg, _c2007 |
||
| 506 | _aPublic domain in the USA. | ||
| 516 | _aElectronic text | ||
| 653 | _aPatents -- United States | ||
| 830 | 0 |
_aProject Gutenberg _v22685 |
|
| 856 | 4 | 0 | _uhttp://www.gutenberg.org/ebooks/22685 |
| 942 | _cEB | ||
| 999 |
_c251940 _d251940 |
||